000 00275nam a22001217a 4500
008 170615b xxu||||| |||| 00| 0 eng d
041 _aeng
080 _a94
100 _a18
101 _aSHH
245 _aENGLISH REVULOTION 1688 - 1689
_cTREVELYAN.G.M
942 _2udc
_cBK
999 _c17643
_d17643